| 000 | 00635nam a2200193Ia 4500 | ||
|---|---|---|---|
| 008 | 151121s9999||||xx |||||||||||||| ||und|| | ||
| 082 | _a814/शिरवा | ||
| 082 | _bHNW-37937 | ||
| 100 | _aशिरवाडकर वसंत | ||
| 245 | _aग्रह आणि आग्रह | ||
| 260 | _b"अभिनव प्रकाशन , मुंबई" | ||
| 260 | _c-- | ||
| 300 | _a148 | ||
| 600 | _aशिरवाडकर वसंत | ||
| 630 | _aग्रह आणि आग्रह | ||
| 700 | _aशिरवाडकर वसंत | ||
| 730 | _aग्रह आणि आग्रह | ||
| 942 | _cBOOK | ||
| 999 |
_c1229049 _d1229046 |
||